000 00842nam a22002057a 4500
999 _c11879
_d11879
003 AR-CdUCM
008 190405b ||||| |||| 00| 0 spa d
040 _aMUNICIPALIDAD PROVINCIAL DEL CUSCO
_cBIBLIOTECA MUNICIPAL DEL CUSCO
082 _23ed.
_a804.08 /
_bA125 / 1949
100 _aMenendez Pidal, Rmon
_929471
245 _aPoesía Juglaresca y juglares :
_baspectos de la historia literaria y cultural de España /
260 _aArgentina :
_bEspasa,
_c1949.
300 _a2801 páginas ;
_c18 cm.
505 _aLos juglares en general -- Noticia general de los juglares en España, especialmente de los cantores de lírica -- Los juglares en la poesia narrativa ...
650 _aJuglares en la Poesía.
_929472
650 _aPoesia narrativa.
_92966
650 _aJuglares.
_929473
942 _2ddc
_cLIBROS
945 _awfj
_d2019-04-05